LEADER 04005nam 2200793Ia 450 001 9910450031503321 005 20210604014028.0 010 $a1-282-36029-9 010 $a9786612360299 010 $a0-520-94088-1 010 $a1-59734-776-0 024 7 $a10.1525/9780520940888 035 $a(CKB)1000000000005611 035 $a(EBL)224755 035 $a(OCoLC)475931885 035 $a(SSID)ssj0000211625 035 $a(PQKBManifestationID)11178583 035 $a(PQKBTitleCode)TC0000211625 035 $a(PQKBWorkID)10341464 035 $a(PQKB)10192502 035 $a(StDuBDS)EDZ0000056071 035 $a(MiAaPQ)EBC224755 035 $a(OCoLC)56030498 035 $a(MdBmJHUP)muse30542 035 $a(DE-B1597)519998 035 $a(OCoLC)1114910072 035 $a(DE-B1597)9780520940888 035 $a(Au-PeEL)EBL224755 035 $a(CaPaEBR)ebr10062314 035 $a(CaONFJC)MIL236029 035 $a(EXLCZ)991000000000005611 100 $a20030110d2004 mb 0 101 0 $aeng 135 $aurun#---|u||u 181 $ctxt 182 $cc 183 $acr 200 10$aNo there there$b[electronic resource] $erace, class, and political community in Oakland /$fChris Rhomberg 210 $aBerkeley $cUniversity of California Press$dc2004 215 $a1 online resource (355 p.) 300 $aDescription based upon print version of record. 311 0 $a0-520-25166-0 311 0 $a0-520-23618-1 320 $aIncludes bibliographical references and index. 327 $tFront matter --$tContents --$tMaps --$tPreface and Acknowledgments --$t1. No There There: Social Movements and Urban Political Community --$t2. Corporate Power and Ethnic Patronage: Machine Politics in Oakland --$t3. The Making of a White Middle Class: The Ku Klux Klan and Urban Reform --$t4. Economic Crisis and Class Hegemony: The Rule of Downtown --$t5. Working-Class Collective Agency: The General Strike and Labor Insurgency --$t6. Reconstituting the Urban Regime: Redevelopment and the Central City --$t7. Bureaucratic Insulation and Racial Conflict: The Challenge of Black Power --$t8. From Social Movements to Social Change: Oakland and Twentieth-Century Urban America --$tMethodological Appendix: Telling Stories about Actors and Events --$tNotes --$tBibliography --$tIndex 330 $aChallenged by Ku Klux Klan action in the '20s, labor protests culminating in a general strike in the '40's, and the rise of the civil rights and black power struggles of the '60s, Oakland, California, seems to encapsulate in one city the broad and varied sweep of urban social movements in twentieth-century America. Taking Oakland as a case study of urban politics and society in the United States, Chris Rhomberg examines the city's successive episodes of popular insurgency for what they can tell us about critical discontinuities in the American experience of urban political community. 606 $aAfrican Americans$xCivil rights$zCalifornia$zOakland$xHistory$y20th century 606 $aBlack power$zCalifornia$zOakland$xHistory$y20th century 606 $aSocial classes$zCalifornia$zOakland$xHistory$y20th century 606 $aGeneral strikes$zCalifornia$zOakland$xHistory$y20th century 606 $aSocial conflict$zCalifornia$zOakland$xHistory$y20th century 607 $aOakland (Calif.)$xRace relations 607 $aOakland (Calif.)$xPolitics and government$y20th century 607 $aOakland (Calif.)$xSocial conditions$y20th century 608 $aElectronic books. 615 0$aAfrican Americans$xCivil rights$xHistory 615 0$aBlack power$xHistory 615 0$aSocial classes$xHistory 615 0$aGeneral strikes$xHistory 615 0$aSocial conflict$xHistory 676 $a979.4/6605 700 $aRhomberg$b Chris$f1959-$0999307 801 0$bMiAaPQ 801 1$bMiAaPQ 801 2$bMiAaPQ 906 $aBOOK 912 $a9910450031503321 996 $aNo there there$92441526 997 $aUNINA LEADER 01142nam 2200301Ia 450 001 996393431703316 005 20221108021013.0 035 $a(CKB)3360000000358387 035 $a(EEBO)2264198705 035 $a(OCoLC)226858257 035 $a(EXLCZ)993360000000358387 100 $a20080501d1619 uy 0 101 0 $aeng 135 $aurbn||||a|bb| 200 14$aThe printers priuiledge$b[electronic resource] $eThe states generall of the Vnited Netherland Prouinces, haue granted and giuen license vnto Hillebrant Iacobson sworne printer to the said states in generall, and to the states of Holland in particular .. 210 $aGrauen Hage $c[H. Jacobson?]$d16 of May, anno 1619. Stilo nouo. 215 $a1 sheet ([2] p.) 300 $aFragment: leaf A2 from unidentified work. 300 $aReproduction of original in: British Library. 330 $aeebo-0018 606 $aPublishers and publishing$zNetherlands$vEarly works to 1800 615 0$aPublishers and publishing 801 0$bUMI 801 1$bUMI 906 $aBOOK 912 $a996393431703316 996 $aThe printers priuiledge$92363120 997 $aUNISA LEADER 01187nam a2200277 i 4500 001 991002230979707536 005 20020507161554.0 008 000330s1984 it ||| | ita 035 $ab11627311-39ule_inst 035 $aLE02732970$9ExL 040 $aDip.to Studi Giuridici$bita 082 0 $a342.45 084 $aAM-VI/C 100 1 $aViolini, Lorenza$0140646 245 13$aLe questioni scientifiche controverse nel procedimento amministrativo :$bsostanze cancerogene e centrali nucleari negli Stati Uniti /$cLorenza Violini 260 $a[Milano] :$bA. Giuffrè,$c1984 300 $avii, 94 p. ;$c25 cm. 490 0 $aCollana di diritto ed economia. Università degli studi di Pavia, Dipartimento di ricerche aziendali 650 4$aAmministrazione pubblica$xAttività tecnica 650 4$aProcedimento amministrativo 907 $a.b11627311$b01-03-17$c02-07-02 912 $a991002230979707536 945 $aLE027 AM-VI/C 12$g1$i2027000193950$lle027$o-$pE0.00$q-$rl$s- $t0$u0$v0$w0$x0$y.i11845727$z02-07-02 996 $aQuestioni scientifiche controverse nel procedimento amministrativo$9678991 997 $aUNISALENTO 998 $ale027$b01-01-00$cm$da $e-$fita$git $h3$i1